000 01403cam a22003857a 4500
003 CHAP
005 20220329142552.0
008 011130d2001 mx r 00110 spa d
010 _a85056
011 _a86028
035 _a96566
040 _cCHAP
090 _aTesis
100 0 0 _aMimbrera Hernández, Mayadhevi.
_975890
245 1 0 _aEfgecto del fuego en la vegetación del parque nacional El Chico Hidalgo
_c/por Mayadhevi Mimbrera Hernández y Hugo Ermilo Medina Roman
260 _aChapingo, Méx. :
_bEl autor,
_c2001.
300 _a61 h.
502 _aTesis (Ing. Forestal) -- UACH. División de Ciencias Forestales
590 _aALEPH
_b10
_c20130110
_lUCH01
_h1444
590 _aBATCH-UPD
_b10
_c20130110
_lUCH01
_h0553
590 _aBATCH-UPD
_b10
_c20130110
_lUCH01
_h2348
590 _aBATCH-UPD
_b10
_c20130410
_lUCH01
_h0234
590 _aBATCH-UPD
_b10
_c20130410
_lUCH01
_h1635
590 _aBATCH-UPD
_b10
_c20130914
_lUCH01
_h1448
590 _aCONVERSION
_b10
_c20130109
_lUCH01
_h1347
650 1 4 _aÁrboles
_xDanos por el fuego.
_96588
650 1 4 _aFuego y vegetación.
_943799
650 1 4 _aParque Nacional El Chico, Hgo.
_985679
700 0 0 _aMedina Roman, Hugo Ermilo.
_974023
901 _aBK
905 _aMayto Villalobos S.
942 _cFOLL
949 _aTesis
_bBC
_cTES
_d33724000859039
_eTS2
_fc.2
_h38632
_i96566
_si
949 _aTesis
_bBC
_cTES
_d965661
_eTS1
_h38631
_i96566
_sb
999 _c85056
_d85056